Pays d'origine des réfugiés dans le monde - Statistiques

Statistiques générales
  • Ce quiz a été pris 3 389 fois
  • Le résultat moyen est 12 sur 20
Statistiques - réponses
# Pays d'accueil #1 Pays d'origine % Correct
5,65 M Turquie Syrie
88%
0,419 M Allemagne Irak
81%
5,16 M Iran Afghanistan
77%
3,30 M Tchad Soudan
76%
1,32 M Ouganda R. D. du Congo
75%
0,398 M Mauritanie Mali
68%
0,567 M Niger Nigeria
67%
1,15 M Kenya Somalie
67%
5,35 M Allemagne Ukraine
60%
2,42 M Ouganda Soudan du Sud
58%
0,385 M États-Unis Cuba
57%
0,679 M Éthiopie Érythrée
57%
1,54 M Bangladesh Birmanie
52%
1,76 M États-Unis Venezuela
52%
0,461 M États-Unis Colombie
49%
0,332 M États-Unis Chine
48%
0,373 M Costa Rica Nicaragua
44%
0,702 M Cameroun République Centrafricaine
44%
0,408 M États-Unis Haïti
39%
0,388 M Tanzanie Burundi
38%
Aucun quiz correspondant
Distribution des résultats
% des personnes avec chaque résultat
Percentile par nombre de réponses
Votre historique - résultats
Vous n’avez pas pris ce quiz